[Event "Pan American-ch Amateur"]
[Site "Montevideo"]
[Date "2013.10.25"]
[Round "3"]
[White "Ibanez, Marcelo"]
[Black "Barra de Oliveira, Francemir"]
[Result "1-0"]
[WhiteElo "1891"]
[BlackElo "1792"]
[PlyCount "75"]
[EventDate "2013.10.24"]
[EventType "swiss"]
[EventRounds "9"]
[EventCountry "URU"]
[SourceTitle "EXT 2014"]
[Source "ChessBase"]
[SourceDate "2013.11.20"]
[SourceVersion "1"]
[SourceVersionDate "2013.11.20"]
[SourceQuality "1"]

1. e4 e5 2. Nf3 Nc6 3. Bb5 Bc5 4. c3 a6 5. Ba4 b5 6. Bb3 Nf6 7. d3 0-0 8. Bg5 Re8 9. 0-0 h6 10. Bh4 d6 11. Bd5 Bd7 12. a4 Rb8 13. b4 Bb6 14. Qb3 Rf8 15. axb5 axb5 16. Qc2 g5 17. Bxc6 Bxc6 18. Bg3 Nh5 19. Nbd2 Qc8 20. c4 Nxg3 21. hxg3 Rb7 22. c5 Ba7 23. Ra6 Bd7 24. Rfa1 g4 25. Nh4 Bb8 26. c6 Rb6 27. cxd7 Rxa6 28. dxc8Q Rxa1+ 29. Nf1 Rxc8 30. Nf5 Ba7 31. Ne7+ Kf8 32. Nxc8 Bd4 33. Qxc7 Ra2 34. Ne3 Ra1+ 35. Kh2 h5 36. Qxd6+ Kg7 37. Nf5+ Kg8 38. Qh6 1-0

[Event "Latin Cup"]
[Site "Montevideo"]
[Date "2011.11.04"]
[Round "5"]
[White "Barra de Oliveira, Francemir"]
[Black "Crespo, Antonio Rogerio"]
[Result "0-1"]
[WhiteElo "1806"]
[BlackElo "2153"]
[PlyCount "76"]
[EventDate "2011.11.01"]
[EventType "swiss"]
[EventRounds "9"]
[EventCountry "URU"]
[SourceTitle "EXT 2012"]
[Source "ChessBase"]
[SourceDate "2011.11.24"]
[SourceVersion "1"]
[SourceVersionDate "2011.11.24"]
[SourceQuality "1"]

1. e4 c5 2. Nf3 a6 3. d4 cxd4 4. Nxd4 Nf6 5. Nc3 e5 6. Nf3 Nc6 7. Bg5 Bb4 8. Bd3 d5 9. 0-0 Bxc3 10. Bxf6 gxf6 11. bxc3 dxe4 12. Bxe4 Qxd1 13. Bxc6+ Qd7 14. Bxd7+ Bxd7 15. c4 0-0-0 16. Rab1 Bc6 17. Rfd1 Rhg8 18. Ne1 Rg4 19. c5 Rc4 20. Rxd8+ Kxd8 21. Rd1+ Ke7 22. Rd2 Rxc5 23. Nd3 Rd5 24. f3 Kd6 25. Kf2 Bb5 26. Ke3 f5 27. g3 f6 28. f4 Bc4 29. a3 Bxd3 30. cxd3 Ra5 31. Ra2 b5 32. Kd2 Ra4 33. fxe5+ fxe5 34. Kc3 b4+ 35. Kb3 Rxa3+ 36. Rxa3 bxa3 37. Kxa3 Kd5 38. Kb3 a5 0-1

[Event "Latin Cup"]
[Site "Montevideo"]
[Date "2011.11.03"]
[Round "3"]
[White "Barra de Oliveira, Francemir"]
[Black "Lopez Azambuja, Nicolas"]
[Result "0-1"]
[WhiteElo "1806"]
[BlackElo "2166"]
[PlyCount "84"]
[EventDate "2011.11.01"]
[EventType "swiss"]
[EventRounds "9"]
[EventCountry "URU"]
[SourceTitle "EXT 2012"]
[Source "ChessBase"]
[SourceDate "2011.11.24"]
[SourceVersion "1"]
[SourceVersionDate "2011.11.24"]
[SourceQuality "1"]

1. e4 e6 2. d4 d5 3. Nd2 Be7 4. e5 c5 5. c3 Nc6 6. Ndf3 cxd4 7. cxd4 Qb6 8. a3 Bd7 9. Ne2 Na5 10. b4 Nc4 11. Nc3 Rc8 12. Bxc4 Rxc4 13. Ne2 a5 14. 0-0 axb4 15. axb4 Qxb4 16. Bd2 Qb6 17. Ra8+ Bc8 18. Ba5 Qb2 19. Nd2 Rc6 20. Qa4 b5 21. Qd1 Nh6 22. Ra7 Nf5 23. Nf3 0-0 24. g4 Nh4 25. Nxh4 Bxh4 26. Qd3 Rc2 27. Ng3 Rc4 28. Ne2 Qc2 29. Qxc2 Rxc2 30. Nc3 f6 31. Bb4 Rd8 32. Nxb5 fxe5 33. Nd6 exd4 34. f4 Rc6 35. Nxc8 Rdxc8 36. g5 Rc1 37. Ra2 Kf7 38. Rxc1 Rxc1+ 39. Kg2 Be1 40. Bd6 d3 41. h3 d2 42. Ra7+ Ke8 0-1